Statistics for City Skylines - North America

Click here to take the quiz!

General Stats

  • This quiz has been taken 18 times
  • The average score is 19 of 24

Answer Stats

Answer% Correct
Boston
100%
New York
100%
Chicago
94%
Miami
94%
San Francisco
94%
Seattle
94%
Toronto
94%
Dallas
88%
Charlotte
82%
Denver
82%
Minneapolis
82%
Philadelphia
82%
Edmonton
76%
Honolulu
76%
Vancouver
76%
Austin
71%
Calgary
71%
Houston
71%
Kansas City
71%
Pittsburgh
71%
Montreal
65%
San Diego
59%
Cincinnati
53%
Mississauga
12%

Score Distribution

Percentile by Number Answered

Percent of People with Each Score

Your Score History

You have not taken this quiz